| 000 | 00470nam a2200181Ia 4500 | ||
|---|---|---|---|
| 003 | LK-CoDNM | ||
| 008 | 010623t1964 xxu||||| |||| 00| 1 sin d | ||
| 040 |
_aLK-CoDNM _dLK-CoDNM _eLK-CoDNM |
||
| 041 | _asin | ||
| 080 |
_a(x) 929 _bSAR |
||
| 100 | _aRev.Saranankara, Udakenndawala | ||
| 245 | _aසටනක සටහන් | ||
| 246 | _aSatanaka satahan | ||
| 260 |
_bKurulu Book _aRajagiriya _c1964 |
||
| 300 | _b231, 18.5 cm | ||
| 650 | _aBiography | ||
| 942 | _cBK | ||
| 999 |
_c106736 _d106736 |
||